[Event "XXI Festival Conca della Presolana A"]
[Site "Bratto - Castione della Presolana ITA"]
[Date "2001.08.30"]
[Round "9"]
[White "Osuna Munoz, Xavier"]
[Black "Griffa, Roberto"]
[Result "1/2-1/2"]
[WhiteElo "2109"]
[BlackElo "2082"]
[PlyCount "49"]
[EventDate "2001.08.22"]

1.e4 c6 2.d4 d5 3.exd5 cxd5 4.Bd3 Nc6 5.c3 Nf6 6.Bf4 Bg4 7.Qb3 Qd7 8.Nd2 
e6 9.Ngf3 Bxf3 10.Nxf3 Bd6 11.Bxd6 Qxd6 12.O-O O-O 13.Rfe1 Rab8 14.a4 Rfc8
15.Re2 Na5 16.Qc2 Qc7 17.Ne5 a6 18.g4 g6 19.Qd2 Nc4 20.Qg5 Nxe5 21.Rxe5 
Nd7 22.Re3 Qd8 23.Qh6 Qf6 24.f4 Re8 25.Rg3 1/2-1/2

[Event "XXI Festival Conca della Presolana A"]
[Site "Bratto - Castione della Presolana ITA"]
[Date "2001.08.30"]
[Round "9"]
[White "Pantaleoni, Claudio"]
[Black "Caoili, Arianne"]
[Result "0-1"]
[WhiteElo "2205"]
[BlackElo "2152"]
[PlyCount "90"]
[EventDate "2001.08.22"]

1.c4 Nf6 2.Nc3 b6 3.e4 Bb7 4.Bd3 e5 5.Nf3 Nc6 6.O-O Bc5 7.a3 a5 8.Be2 O-O 
9.d3 Re8 10.Nd5 Nxd5 11.cxd5 Nd4 12.Nxd4 Bxd4 13.Kh1 c6 14.dxc6 dxc6 15.
Qc2 Qe7 16.f4 exf4 17.Bxf4 Rad8 18.Rab1 c5 19.Bg4 Ba6 20.Rbd1 Be5 21.Be3 
Qd6 22.Qb3 Rf8 23.Bg5 Rde8 24.h3 h6 25.Be3 Rd8 26.Bh5 g6 27.Be2 Kg7 28.Rf3
Bc8 29.Rdf1 Be6 30.Qc2 Qd7 31.Qc1 Rh8 32.b3 Bxb3 33.h4 h5 34.Bg5 Rc8 35.
Bd1 Be6 36.Qd2 Rce8 37.Qf2 Ref8 38.Bf6+ Bxf6 39.Rxf6 Qxd3 40.Bc2 Qxa3 41.
e5 Qb2 42.Qe2 Bb3 43.e6 Bxe6 44.R6f4 Bb3 45.Qe7 Qxc2 0-1

[Event "XXI Festival Conca della Presolana A"]
[Site "Bratto - Castione della Presolana ITA"]
[Date "2001.08.30"]
[Round "9"]
[White "Radice, Luca"]
[Black "Lapiccirella, Daniele"]
[Result "1/2-1/2"]
[WhiteElo "2042"]
[BlackElo "2098"]
[PlyCount "34"]
[EventDate "2001.08.22"]

1.d4 d5 2.c4 c6 3.Nf3 Nf6 4.e3 e6 5.Nbd2 Nbd7 6.Bd3 Bd6 7.O-O O-O 8.e4 e5 
9.dxe5 Nxe5 10.Nxe5 Bxe5 11.exd5 cxd5 12.Qb3 Bc7 13.h3 Qd6 14.Nf3 Be6 15.
Re1 dxc4 16.Bxc4 Bxc4 17.Qxc4 Rac8 1/2-1/2

[Event "XXI Festival Conca della Presolana A"]
[Site "Bratto - Castione della Presolana ITA"]
[Date "2001.08.30"]
[Round "9"]
[White "Ricci, Alfredo"]
[Black "Cavatorta, Fosco"]
[Result "1/2-1/2"]
[WhiteElo "2088"]
[BlackElo "2025"]
[PlyCount "118"]
[EventDate "2001.08.22"]

1.e4 e6 2.d4 d5 3.Nc3 Nf6 4.Bg5 Bb4 5.e5 h6 6.Bd2 Bxc3 7.Bxc3 Ne4 8.Qg4 
Qg5 9.Qxg5 hxg5 10.Bd3 Nxc3 11.bxc3 c5 12.Rb1 Nc6 13.Bb5 Ke7 14.Bxc6 bxc6 
15.dxc5 Rh4 16.Rb4 Rxb4 17.cxb4 a5 18.b5 cxb5 19.Nf3 Bd7 20.Nxg5 Rc8 21.h4
Rxc5 22.Kd2 b4 23.Rh3 Ba4 24.c3 f6 25.exf6+ gxf6 26.Nf3 bxc3+ 27.Kc1 e5 
28.h5 Rb5 29.h6 c2 30.Nd2 Rb8 31.Ra3 Bd7 32.Rxa5 Bf5 33.Ra7+ Ke6 34.Nb3 d4
35.f3 Rc8 36.g4 Bd3 37.Kd2 Bc4 38.Nc1 Bd5 39.Ke2 Rb8 40.Rc7 e4 41.fxe4 
Bxe4 42.Nd3 Rh8 43.Rxc2 Rxh6 44.Rb2 Rh2+ 45.Nf2 Ke5 46.Ke1 Kd5 47.Rb5+ Kc6
48.Ra5 Kb6 49.Ra4 Bd5 50.Rxd4 Bxa2 51.Rd6+ Kc7 52.Rxf6 Kd7 53.Ra6 Bd5 54.
Ra5 Bc6 55.Ke2 Rg2 56.g5 Ke7 57.Ke3 Kf7 58.Nd3 Rg3+ 59.Kf2 Rxd3 1/2-1/2

[Event "XXI Festival Conca della Presolana A"]
[Site "Bratto - Castione della Presolana ITA"]
[Date "2001.08.30"]
[Round "9"]
[White "Rossi, Giampiero"]
[Black "Valori, Vincenzo"]
[Result "1-0"]
[WhiteElo "2119"]
[BlackElo "2056"]
[PlyCount "93"]
[EventDate "2001.08.22"]

1.d4 Nf6 2.c4 e5 3.dxe5 Ng4 4.Nf3 Bc5 5.e3 Nc6 6.Nc3 O-O 7.Be2 Re8 8.O-O 
Ngxe5 9.Nxe5 Nxe5 10.b3 a5 11.Bb2 Ra6 12.Qd5 Qe7 13.Ne4 Ba7 14.Bxe5 Qxe5 
15.Qxe5 Rxe5 16.Ng3 Rd6 17.Rad1 Rxd1 18.Rxd1 d6 19.Bf3 Bc5 20.h3 b6 21.Ne2
Bd7 22.Nf4 g5 23.Nd5 Kg7 24.Nxc7 f5 25.Nd5 Be6 26.Nc3 Bd7 27.Ne2 Kg6 28.
Nc1 g4 29.Nd3 Re7 30.hxg4 fxg4 31.Nxc5 dxc5 32.Rd6+ Kg5 33.Be2 a4 34.g3 
axb3 35.axb3 h5 36.Bd3 Be8 37.Rxb6 h4 38.gxh4+ Kxh4 39.Rh6+ Kg5 40.Rd6 Bf7
41.Kg2 Kh4 42.Rh6+ Kg5 43.Rc6 Re5 44.Kg3 Be6 45.Be2 Bf5 46.Bxg4 Bxg4 47.
f4+ 1-0

[Event "XXI Festival Conca della Presolana A"]
[Site "Bratto - Castione della Presolana ITA"]
[Date "2001.08.30"]
[Round "9"]
[White "Salami, Marco"]
[Black "Bresciani, Nicola"]
[Result "1/2-1/2"]
[WhiteElo "2199"]
[BlackElo "2278"]
[PlyCount "82"]
[EventDate "2001.08.22"]

1.e4 c5 2.Nc3 Nc6 3.g3 g6 4.Bg2 Bg7 5.d3 d6 6.f4 Nf6 7.Nf3 O-O 8.O-O Rb8 
9.h3 b5 10.g4 b4 11.Ne2 c4 12.Be3 Ba6 13.f5 cxd3 14.cxd3 Qa5 15.Nf4 Nd7 
16.Rc1 Rbc8 17.Qb3 Nde5 18.Nd5 Kh8 19.Nxe5 Bxe5 20.Rxc6 Rxc6 21.fxg6 hxg6 
22.Nxe7 Qc7 23.Nxc6 Qxc6 24.Rxf7 Rxf7 25.Qxf7 Bxd3 26.Qf8+ Kh7 27.Qf7+ Kh8
28.Qxg6 Qc2 29.Qe8+ Kh7 30.Qh5+ Kg8 31.Qg6+ Kh8 32.Qe8+ Kg7 33.Qd7+ Kh8 
34.Qe8+ Kg7 35.Qd7+ Kg8 36.Qe6+ Kg7 37.Qe7+ Kg8 38.Qg5+ Kf7 39.Qf5+ Kg8 
40.Qe6+ Kh8 41.Qe8+ Kg7 1/2-1/2

[Event "XXI Festival Conca della Presolana A"]
[Site "Bratto - Castione della Presolana ITA"]
[Date "2001.08.30"]
[Round "9"]
[White "Tatai, Stefano"]
[Black "Lapiccirella, Mattia"]
[Result "1-0"]
[WhiteElo "2350"]
[BlackElo "2146"]
[PlyCount "65"]
[EventDate "2001.08.22"]

1.e4 c5 2.Nf3 Nc6 3.Bb5 g6 4.O-O Bg7 5.Bxc6 dxc6 6.h3 Nf6 7.d3 O-O 8.Nc3 
Nd7 9.Be3 e5 10.Qd2 Re8 11.Bh6 Nf8 12.Ne2 Qd6 13.Nh2 Ne6 14.Bxg7 Kxg7 15.
f4 Nxf4 16.Nxf4 exf4 17.Rxf4 Qd4+ 18.Kh1 Qxb2 19.Raf1 Be6 20.Ng4 h5 21.
Rxf7+ Bxf7 22.Qh6+ Kg8 23.Nf6+ Qxf6 24.Rxf6 Re7 25.Qg5 Rae8 26.Qxc5 a6 27.
a3 Kg7 28.Qf2 Be6 29.Qf4 Bg8 30.Rd6 Bf7 31.Qf6+ Kg8 32.Rd8 Re6 33.Qxe6 1-0

[Event "XXI Festival Conca della Presolana A"]
[Site "Bratto - Castione della Presolana ITA"]
[Date "2001.08.30"]
[Round "9"]
[White "Zichichi, Alvise"]
[Black "Giretti Kanev, Jasen"]
[Result "1/2-1/2"]
[WhiteElo "2293"]
[BlackElo "2178"]
[PlyCount "103"]
[EventDate "2001.08.22"]

1.d4 d6 2.Nc3 d5 3.Bf4 Nf6 4.e3 Bf5 5.f3 h5 6.Nge2 e6 7.a3 c6 8.Qd2 Nbd7 
9.Ng3 Bg6 10.h4 Qa5 11.Bd3 Bxd3 12.Qxd3 Be7 13.e4 dxe4 14.Nxe4 Nxe4 15.
Qxe4 Nf6 16.Qd3 Nd5 17.Bd2 O-O-O 18.Ne2 Qa6 19.Qxa6 bxa6 20.O-O-O Bf6 21.
c4 Nb6 22.Ba5 Rd7 23.b3 Re8 24.Bc3 g6 25.a4 e5 26.dxe5 Bxe5 27.Bxe5 Rxe5 
28.Nc3 f5 29.Rhe1 Rxd1+ 30.Rxd1 Kc7 31.Rd2 a5 32.Ne2 Nd7 33.Nf4 Re3 34.Rd3
Rxd3 35.Nxd3 Kd6 36.Kc2 Nf8 37.Nf4 Ke5 38.g3 c5 39.Kd3 Kf6 40.Nd5+ Ke5 41.
Ne7 a6 42.Ke3 Kd6 43.Nd5 Ne6 44.Nf4 Nf8 45.Ke2 Ke5 46.Kd2 Kf6 47.Nd3 Ne6 
48.f4 Ke7 49.Ne5 Nf8 50.Kc3 Nd7 51.Nxd7 Kxd7 52.Kb2 1/2-1/2

[Event "IX C.to Italiano U20"]
[Site "Bratto - Castione della Presolana ITA"]
[Date "2001.08.22"]
[Round "1"]
[White "Arcion, Riccardo"]
[Black "Costantini, Roberto"]
[Result "0-1"]
[WhiteElo "1810"]
[BlackElo "2287"]
[PlyCount "60"]
[EventDate "2001.08.22"]

1.d4 Nf6 2.c4 c5 3.d5 b5 4.cxb5 a6 5.bxa6 g6 6.Nc3 Bxa6 7.e4 Bxf1 8.Kxf1 
d6 9.g3 Bg7 10.Kg2 O-O 11.Nf3 Nbd7 12.h3 Ra6 13.Re1 Qa8 14.Re2 Rb8 15.Qc2 
e6 16.dxe6 fxe6 17.Bf4 Nh5 18.Rd1 Nxf4+ 19.gxf4 Nf6 20.Ng5 d5 21.exd5 exd5
22.Nxd5 Nxd5 23.Qc4 Bd4 24.f3 Ra4 25.Qc1 Rxa2 26.Ne6 Rbxb2 27.Nxd4 Rxe2+ 
28.Nxe2 Rxe2+ 29.Kg3 Ne3 30.Rg1 Qd8 0-1

[Event "IX C.to Italiano U20"]
[Site "Bratto - Castione della Presolana ITA"]
[Date "2001.08.22"]
[Round "1"]
[White "Artizzu, Giulio"]
[Black "Longo, Aldo"]
[Result "1-0"]
[WhiteElo "2084"]
[BlackElo "1500"]
[PlyCount "43"]
[EventDate "2001.08.22"]

1.e4 e5 2.f4 exf4 3.Nf3 d6 4.Bc4 Be6 5.Bxe6 fxe6 6.d4 Nf6 7.Nc3 d5 8.Ng5 
Qd7 9.e5 h6 10.Nh3 Nh7 11.Nxf4 Be7 12.Qh5+ Kd8 13.O-O Nf8 14.Ng6 Nxg6 15.
Qxg6 Bf8 16.Rf7 Qe8 17.Ne2 Nd7 18.Nf4 c5 19.Nxe6+ Kc8 20.c4 cxd4 21.cxd5 
Nxe5 22.Rc7+ 1-0

[Event "IX C.to Italiano U20"]
[Site "Bratto - Castione della Presolana ITA"]
[Date "2001.08.22"]
[Round "1"]
[White "Bentivegna, Francesco"]
[Black "Bartolini, Marco"]
[Result "1-0"]
[WhiteElo "2106"]
[BlackElo "1597"]
[PlyCount "67"]
[EventDate "2001.08.22"]

1.e4 e5 2.Nf3 Nc6 3.d4 exd4 4.Bc4 Nf6 5.e5 d5 6.Bb5 Ne4 7.Nxd4 Bd7 8.Bxc6 
bxc6 9.O-O Bc5 10.f3 Ng5 11.f4 Ne4 12.Be3 Qe7 13.Nd2 Nxd2 14.Qxd2 Bb6 15.
Nb3 O-O 16.Qc3 Rfe8 17.Rae1 a5 18.Bxb6 cxb6 19.f5 Qh4 20.f6 g6 21.g3 Qg5 
22.Nd2 h5 23.Nf3 Qh6 24.h4 Qf8 25.Qd2 Qb4 26.c3 Qf8 27.Nd4 c5 28.e6 Bxe6 
29.Nxe6 Rxe6 30.Rxe6 fxe6 31.f7+ Kh7 32.Rf6 Ra7 33.Qg5 Qg7 34.f8=Q 1-0

[Event "IX C.to Italiano U20"]
[Site "Bratto - Castione della Presolana ITA"]
[Date "2001.08.22"]
[Round "1"]
[White "Cacco, Christian"]
[Black "Ibba, Isacco"]
[Result "1/2-1/2"]
[WhiteElo "2252"]
[BlackElo "1807"]
[PlyCount "40"]
[EventDate "2001.08.22"]

1.d4 d5 2.Nf3 Nf6 3.c4 c6 4.Nc3 e6 5.Bg5 dxc4 6.a4 Bb4 7.Qc2 Nbd7 8.e4 Qa5
9.Bd2 e5 10.Be2 O-O 11.O-O exd4 12.Nxd4 Ne5 13.Rfd1 Rd8 14.Bg5 Neg4 15.Nf5
Bxf5 16.exf5 Rxd1+ 17.Rxd1 Qe5 18.g3 Bxc3 19.bxc3 Ne4 20.Bf4 Qxf5 1/2-1/2

[Event "IX C.to Italiano U20"]
[Site "Bratto - Castione della Presolana ITA"]
[Date "2001.08.22"]
[Round "1"]
[White "Capone, Vincenzo"]
[Black "Bianco, Raffaele"]
[Result "0-1"]
[WhiteElo "2154"]
[BlackElo "1600"]
[PlyCount "78"]
[EventDate "2001.08.22"]

1.e4 e5 2.Nf3 Nc6 3.Bb5 a6 4.Ba4 Nf6 5.O-O b5 6.Bb3 Be7 7.Re1 d6 8.c3 O-O 
9.h3 Bb7 10.d3 Re8 11.Nbd2 Bf8 12.Ng5 Re7 13.Nf1 h6 14.Nf3 Na5 15.Bc2 c5 
16.Ne3 g6 17.Ng4 Nxg4 18.hxg4 Nc6 19.Be3 Bg7 20.Qd2 Kh7 21.g3 Rc7 22.Kg2 
g5 23.Rh1 Kg8 24.Qe2 Ne7 25.d4 cxd4 26.cxd4 Qc8 27.Bb3 Bxe4 28.Bxg5 Qxg4 
29.Bxe7 Rxe7 30.Rh4 Bxf3+ 31.Qxf3 Qxf3+ 32.Kxf3 exd4 33.Re4 Rxe4 34.Kxe4 
Re8+ 35.Kd3 Re5 36.Rc1 Rc5 37.Re1 Kf8 38.a3 Rf5 39.Re2 Rf3+ 0-1

[Event "IX C.to Italiano U20"]
[Site "Bratto - Castione della Presolana ITA"]
[Date "2001.08.22"]
[Round "1"]
[White "Castaldo, Folco"]
[Black "Buchicchio, Giampaolo"]
[Result "1-0"]
[WhiteElo "2304"]
[BlackElo "2179"]
[PlyCount "79"]
[EventDate "2001.08.22"]

1.Nf3 d5 2.d4 Nf6 3.c4 c6 4.Nbd2 h6 5.g3 Bf5 6.Bg2 e6 7.O-O Bd6 8.b3 Nbd7 
9.Bb2 Rc8 10.Ne5 O-O 11.Rc1 Bxe5 12.dxe5 Ng4 13.e4 dxe4 14.Nxe4 Ngxe5 15.
Nd6 Rb8 16.Nxf5 exf5 17.Qc2 f4 18.Rcd1 Qc7 19.Qf5 fxg3 20.f4 gxh2+ 21.Kh1 
g6 22.Qh3 Kh7 23.fxe5 Nxe5 24.Bc1 h5 25.Bf4 Rbe8 26.Qg3 f6 27.Rfe1 Qg7 28.
Bxe5 Rxe5 29.Rxe5 fxe5 30.Qh3 Rf4 31.Qe6 Rf7 32.Be4 Rf6 33.Qh3 Kh6 34.Rd7 
Rf7 35.Rd6 Rf6 36.Rd7 Rf7 37.Rd6 Rf6 38.Qe3+ g5 39.Rd8 Qf7 40.Rh8+ 1-0

[Event "IX C.to Italiano U20"]
[Site "Bratto - Castione della Presolana ITA"]
[Date "2001.08.22"]
[Round "1"]
[White "Castellano, Fabio Marco"]
[Black "Cusumano, Domenico"]
[Result "0-1"]
[WhiteElo "1431"]
[BlackElo "1939"]
[PlyCount "98"]
[EventDate "2001.08.22"]

1.e4 c6 2.d4 d5 3.Nc3 dxe4 4.Nxe4 Bf5 5.Ng3 Bg6 6.Nf3 Nd7 7.Bd3 Bxd3 8.
Qxd3 Ngf6 9.O-O e6 10.Be3 Bd6 11.c4 O-O 12.Rfd1 Qe7 13.a3 Rfd8 14.b4 Bxg3 
15.fxg3 e5 16.Qc3 exd4 17.Rxd4 c5 18.bxc5 Ne4 19.Qc2 Ndxc5 20.Re1 Rxd4 21.
Bxd4 f5 22.Kh1 Rd8 23.g4 Rxd4 24.Nxd4 Ng3+ 25.hxg3 Qxe1+ 26.Kh2 Qe4 27.Qf2
Nd3 28.Qe2 Qxe2 29.Nxe2 fxg4 30.Nd4 a6 31.Nf5 Kf8 32.Kg1 g6 33.Nd6 Nc5 34.
Kf2 Ke7 35.Nc8+ Kd7 36.Nb6+ Kc6 37.Nd5 Ne4+ 38.Ke3 Nxg3 39.Kf4 Nf5 40.Kxg4
Kc5 41.Nf6 h6 42.Nd7+ Kxc4 43.Ne5+ Kb3 44.Nxg6 Ne3+ 45.Kh5 Nxg2 46.Kxh6 
Kxa3 47.Ne5 b5 48.Kg5 b4 49.Nc4+ Ka2 0-1

[Event "IX C.to Italiano U20"]
[Site "Bratto - Castione della Presolana ITA"]
[Date "2001.08.22"]
[Round "1"]
[White "Castellano, Fulvia"]
[Black "Berni, Giorgio"]
[Result "0-1"]
[WhiteElo "1600"]
[BlackElo "2141"]
[PlyCount "32"]
[EventDate "2001.08.22"]

1.e4 c5 2.Nf3 Nc6 3.d4 cxd4 4.Nxd4 Nf6 5.Nc3 Qb6 6.Nb3 e6 7.Be3 Qc7 8.Be2 
Bb4 9.Qd3 d5 10.f3 dxe4 11.fxe4 O-O 12.Bc5 Bxc5 13.Nxc5 Nb4 14.Qd2 Qxc5 
15.O-O-O e5 16.Nb5 Nxe4 0-1

[Event "IX C.to Italiano U20"]
[Site "Bratto - Castione della Presolana ITA"]
[Date "2001.08.22"]
[Round "1"]
[White "Damia, Angelo"]
[Black "Palomba, Andrea"]
[Result "1-0"]
[WhiteElo "1915"]
[BlackElo "1401"]
[PlyCount "77"]
[EventDate "2001.08.22"]

1.e4 g6 2.d4 Bg7 3.c3 d6 4.Bd3 Nd7 5.Qc2 c5 6.d5 a6 7.a4 Ne5 8.f4 Nxd3+ 9.
Qxd3 Bd7 10.Nf3 f5 11.e5 dxe5 12.fxe5 Qc7 13.e6 Bc8 14.O-O b6 15.g3 Bb7 
16.Bf4 Qd8 17.c4 h6 18.Ne5 Bxe5 19.Bxe5 Nf6 20.Bxf6 exf6 21.Nc3 O-O 22.d6 
Qc8 23.e7 Rf7 24.d7 Qc6 25.d8=Q+ Kg7 26.Q8d5 Qxd5 27.cxd5 Rxe7 28.Rae1 Rd7
29.d6 Rad8 30.Rd1 Re8 31.Rfe1 Rdd8 32.Re7+ Rxe7 33.dxe7 Re8 34.Qd8 Kf7 35.
Nd5 Bxd5 36.Qxd5+ Kxe7 37.Re1+ Kf8 38.Qd6+ Kf7 39.Qd7+ 1-0

[Event "IX C.to Italiano U20"]
[Site "Bratto - Castione della Presolana ITA"]
[Date "2001.08.22"]
[Round "1"]
[White "Ferro, Mario"]
[Black "Festa, Samuele"]
[Result "1-0"]
[WhiteElo "2186"]
[BlackElo "1642"]
[PlyCount "69"]
[EventDate "2001.08.22"]

1.c4 Nf6 2.Nc3 g6 3.g3 Bg7 4.Bg2 c5 5.Nf3 Nc6 6.O-O O-O 7.d4 cxd4 8.Nxd4 
a6 9.e3 Qc7 10.b3 Nxd4 11.exd4 d6 12.Re1 Bg4 13.Qd3 Rfe8 14.h3 Bf5 15.Qf3 
Rab8 16.Bg5 Be6 17.d5 Bc8 18.Bf1 h6 19.Bd2 Bd7 20.Re2 b5 21.Rae1 Kf8 22.
Ne4 Nxe4 23.Rxe4 h5 24.Rf4 f6 25.Bd3 Kf7 26.Rh4 Rh8 27.Qe2 Rbe8 28.cxb5 
axb5 29.Bxb5 Bxb5 30.Qxb5 Qc2 31.Bb4 Qxa2 32.Bxd6 f5 33.Rc4 Bf6 34.Rc7 Qd2
35.Bb4 1-0

[Event "IX C.to Italiano U20"]
[Site "Bratto - Castione della Presolana ITA"]
[Date "2001.08.22"]
[Round "1"]
[White "Genocchio, Daniele"]
[Black "Sorcinelli, Francesco"]
[Result "1-0"]
[WhiteElo "2340"]
[BlackElo "1881"]
[PlyCount "41"]
[EventDate "2001.08.22"]

1.Nf3 d6 2.d4 Nf6 3.c4 g6 4.Nc3 Bg7 5.g3 O-O 6.Bg2 c5 7.d5 e6 8.O-O Re8 9.
Nd2 Qe7 10.h3 exd5 11.cxd5 b5 12.Nxb5 Ba6 13.a4 Bxb5 14.axb5 Qxe2 15.Qxe2 
Rxe2 16.Nc4 Ne8 17.Nb6 axb6 18.Rxa8 Nd7 19.Bf4 Bf8 20.Rfa1 Kg7 21.Kf1 1-0

[Event "IX C.to Italiano U20"]
[Site "Bratto - Castione della Presolana ITA"]
[Date "2001.08.22"]
[Round "1"]
[White "Longo, Luigi"]
[Black "Arnetta, Marianna"]
[Result "1/2-1/2"]
[WhiteElo "1500"]
[BlackElo "2060"]
[PlyCount "106"]
[EventDate "2001.08.22"]

1.d4 e6 2.c4 d5 3.Nc3 Nf6 4.Bg5 Be7 5.Nf3 Nbd7 6.e3 O-O 7.Rc1 c5 8.dxc5 
Nxc5 9.cxd5 exd5 10.Bxf6 Bxf6 11.Nxd5 b6 12.Nxf6+ Qxf6 13.Qd4 Qf5 14.b4 
Ne6 15.Qe5 Qg4 16.Rc4 Qg6 17.Qe4 Qf6 18.Bd3 g6 19.Nd4 Ba6 20.Rc3 Bxd3 21.
Qxd3 Rfd8 22.Rc6 Qe5 23.Qb5 Rd5 24.Qe2 Nxd4 25.exd4 Qxe2+ 26.Kxe2 Rxd4 27.
Rb1 Re8+ 28.Kf3 Rd2 29.a3 Ree2 30.Rf1 Re7 31.Rfc1 Ree2 32.Rf1 Rc2 33.Rxc2 
Rxc2 34.Rd1 Kg7 35.Rd3 Kf6 36.g4 Kg5 37.Kg3 h6 38.h4+ Kf6 39.f3 Ra2 40.Kf4
Rg2 41.Rc3 g5+ 42.hxg5+ hxg5+ 43.Ke4 Re2+ 44.Kd5 Rd2+ 45.Kc6 Ke5 46.Kb7 
Rd7+ 47.Kb8 Kf4 48.b5 f5 49.gxf5 Kxf5 50.a4 Kf4 51.Ra3 Re7 52.Rc3 Rd7 53.
Ra3 Re7 1/2-1/2

[Event "IX C.to Italiano U20"]
[Site "Bratto - Castione della Presolana ITA"]
[Date "2001.08.22"]
[Round "1"]
[White "Mazzilli, Piero"]
[Black "Pelosin, Matteo"]
[Result "1-0"]
[WhiteElo "2206"]
[BlackElo "1705"]
[PlyCount "45"]
[EventDate "2001.08.22"]

1.e4 e6 2.Nf3 d5 3.Nc3 d4 4.Ne2 Nc6 5.d3 e5 6.g3 Be7 7.Bg2 Be6 8.O-O Qd7 
9.c3 f6 10.cxd4 exd4 11.Bd2 O-O-O 12.Nf4 g5 13.Nxe6 Qxe6 14.Rc1 h5 15.Qa4 
Nh6 16.Rc4 a6 17.Rfc1 Rd7 18.Rxc6 bxc6 19.Qxa6+ Kb8 20.e5 Nf5 21.Nxg5 fxg5
22.Bxc6 Qxc6 23.Qxc6 1-0

[Event "IX C.to Italiano U20"]
[Site "Bratto - Castione della Presolana ITA"]
[Date "2001.08.22"]
[Round "1"]
[White "Nardelli, Marco"]
[Black "Piscopo, Pierluigi"]
[Result "0-1"]
[WhiteElo "1791"]
[BlackElo "2218"]
[PlyCount "86"]
[EventDate "2001.08.22"]

1.e4 c5 2.c3 Nf6 3.e5 Nd5 4.d4 cxd4 5.Nf3 e6 6.cxd4 d6 7.Nc3 Nxc3 8.bxc3 
Qc7 9.Bd2 Nd7 10.Bd3 dxe5 11.O-O Bd6 12.Re1 a6 13.Qa4 b5 14.Bxb5 O-O 15.
Bd3 Bb7 16.Nxe5 Nxe5 17.dxe5 Bxe5 18.Qh4 g6 19.Re3 Rad8 20.Rh3 f5 21.Bh6 
Rfe8 22.Re3 Rd5 23.Rae1 Rc5 24.Qa4 Rd8 25.Qb3 Bd5 26.c4 Ba8 27.Rb1 Qc6 28.
Bf1 Bd4 29.Re2 e5 30.Qb6 Qxb6 31.Rxb6 Rc6 32.Rxc6 Bxc6 33.Be3 Bxe3 34.Rxe3
e4 35.Rb3 Rd2 36.Rb6 Ba4 37.Rxa6 Bc2 38.c5 Rd1 39.Ra8+ Kg7 40.Ra7+ Kh6 41.
Ra3 Bd3 42.Rxd3 exd3 43.f4 d2 0-1

[Event "IX C.to Italiano U20"]
[Site "Bratto - Castione della Presolana ITA"]
[Date "2001.08.22"]
[Round "1"]
[White "Pulito, Alberto"]
[Black "Cerioni, Armando"]
[Result "1-0"]
[WhiteElo "2050"]
[BlackElo "1443"]
[PlyCount "81"]
[EventDate "2001.08.22"]

1.e4 c5 2.c3 d5 3.exd5 Qxd5 4.d4 cxd4 5.cxd4 Nc6 6.Nf3 e5 7.Nc3 Bb4 8.Bd2 
Bxc3 9.Bxc3 e4 10.Ne5 Nxe5 11.dxe5 Ne7 12.Qb3 Qxb3 13.axb3 a6 14.Bb5+ Bd7 
15.Bxd7+ Kxd7 16.O-O-O+ Kc7 17.Rhe1 Nc6 18.Rxe4 Rhe8 19.Rc4 Rad8 20.Rxd8 
Kxd8 21.f4 g6 22.Rc5 Kc7 23.Rd5 Rd8 24.Rxd8 Kxd8 25.Kd2 Ke7 26.Kd3 h5 27.
Ke4 Ke6 28.h3 b5 29.g4 hxg4 30.hxg4 b4 31.f5+ gxf5+ 32.gxf5+ Ke7 33.Bd4 
Na5 34.Bc5+ Ke8 35.Bxb4 Nxb3 36.Kd5 Nc1 37.Bd6 Ne2 38.b4 Ng3 39.f6 Ne2 40.
Kc6 Nc1 41.Kb6 1-0

[Event "IX C.to Italiano U20"]
[Site "Bratto - Castione della Presolana ITA"]
[Date "2001.08.22"]
[Round "1"]
[White "Retter, Martin"]
[Black "Mariano, Elia"]
[Result "1-0"]
[WhiteElo "1690"]
[BlackElo "2198"]
[PlyCount "83"]
[EventDate "2001.08.22"]

1.c4 e6 2.g3 d5 3.cxd5 exd5 4.Bg2 Nf6 5.Nf3 Be7 6.O-O O-O 7.d3 c6 8.Nbd2 
Bg4 9.Re1 Nbd7 10.Qc2 Qb6 11.b3 Rfe8 12.Bb2 Bc5 13.e3 Re7 14.a3 a5 15.Nh4 
Rae8 16.d4 Bd6 17.Nf5 Bxf5 18.Qxf5 Nf8 19.Bc3 Ng6 20.Reb1 h5 21.b4 a4 22.
b5 cxb5 23.Bxd5 Rc7 24.Bb4 Ne7 25.Bxf7+ Kxf7 26.Qd3 Bxb4 27.Rxb4 Rec8 28.
Qxb5 Rc1+ 29.Rxc1 Rxc1+ 30.Kg2 Qxb5 31.Rxb5 Rc3 32.Rxb7 Rxa3 33.Nc4 Rb3 
34.Ra7 a3 35.Nxa3 Rc3 36.Nb5 Rc2 37.Rc7 Rb2 38.Nd6+ Ke6 39.Nc8 Nxc8 40.
Rxc8 Ne4 41.Re8+ Kd5 42.Re5+ 1-0

[Event "IX C.to Italiano U20"]
[Site "Bratto - Castione della Presolana ITA"]
[Date "2001.08.22"]
[Round "1"]
[White "Santacroce, Fidel"]
[Black "Sardo, Gabriele"]
[Result "0-1"]
[WhiteElo "1630"]
[BlackElo "2165"]
[PlyCount "74"]
[EventDate "2001.08.22"]

1.e4 c5 2.Nf3 Nc6 3.d4 cxd4 4.Nxd4 g6 5.Be3 Nf6 6.Nc3 Bg7 7.Be2 O-O 8.Qd2 
d5 9.exd5 Nxd5 10.Nxd5 Qxd5 11.Bf3 Qc4 12.b3 Qa6 13.Be2 Qa3 14.c3 Rd8 15.
Nb5 Qa5 16.b4 Qa4 17.Qc1 Bf5 18.O-O Bd3 19.Nc7 Bxe2 20.Re1 Rac8 21.Bf4 Bc4
22.Rb1 e5 23.Bg5 Rd7 24.b5 Na5 25.Re4 Rcxc7 26.f4 f5 27.a3 fxe4 28.Kf2 Nb3
29.Qe3 Bd3 30.Qh3 Bxb1 31.Qe6+ Rf7 32.Qe8+ Rf8 33.Qe6+ Kh8 34.h4 exf4 35.
h5 Rxc3 36.hxg6 Qd4+ 37.Ke1 Qe3+ 0-1

[Event "IX C.to Italiano U20"]
[Site "Bratto - Castione della Presolana ITA"]
[Date "2001.08.22"]
[Round "1"]
[White "Sedani, Elisa"]
[Black "Mogranzini, Roberto"]
[Result "0-1"]
[WhiteElo "1594"]
[BlackElo "2104"]
[PlyCount "52"]
[EventDate "2001.08.22"]

1.e4 c5 2.Nf3 d6 3.d4 cxd4 4.Nxd4 Nf6 5.Nc3 a6 6.Bc4 e6 7.Bb3 b5 8.a3 Be7 
9.f4 Qc7 10.f5 e5 11.Nf3 Bb7 12.Qd3 h6 13.O-O Nbd7 14.Nd5 Nxd5 15.Bxd5 Nf6
16.Bxb7 Qxb7 17.Re1 O-O 18.Bd2 Rac8 19.Bb4 a5 20.Bd2 Rc4 21.a4 Rxa4 22.
Rxa4 bxa4 23.Qa3 d5 24.Qxa4 Nxe4 25.Be3 Bf6 26.Qxa5 d4 0-1

[Event "IX C.to Italiano U20"]
[Site "Bratto - Castione della Presolana ITA"]
[Date "2001.08.23"]
[Round "2"]
[White "Arnetta, Marianna"]
[Black "Retter, Martin"]
[Result "1-0"]
[WhiteElo "2060"]
[BlackElo "1690"]
[PlyCount "71"]
[EventDate "2001.08.22"]

1.e4 e6 2.d4 d5 3.exd5 exd5 4.Nf3 Bd6 5.Bd3 Ne7 6.c3 Bg4 7.Nbd2 Nbc6 8.Qc2
Qd7 9.b4 O-O-O 10.a4 Rde8 11.O-O h5 12.a5 f6 13.b5 Nb8 14.Ba3 Bxa3 15.Rxa3
g5 16.b6 cxb6 17.axb6 a6 18.c4 Kd8 19.cxd5 Nxd5 20.Qc5 Qc6 21.Be4 Qxc5 22.
dxc5 Rxe4 23.Nxe4 Kd7 24.Rd3 Kc6 25.Nd4+ Kd7 26.f3 Be6 27.Nxe6 Kxe6 28.Re1
Nf4 29.Rd6+ Kf7 30.Rxf6+ Kg7 31.Rd6 g4 32.fxg4 hxg4 33.Ng5 Rh5 34.Ne6+ 
Nxe6 35.Rexe6 Rxc5 36.Re7+ 1-0

[Event "IX C.to Italiano U20"]
[Site "Bratto - Castione della Presolana ITA"]
[Date "2001.08.23"]
[Round "2"]
[White "Bartolini, Marco"]
[Black "Capone, Vincenzo"]
[Result "1/2-1/2"]
[WhiteElo "1597"]
[BlackElo "2154"]
[PlyCount "77"]
[EventDate "2001.08.22"]

1.d4 Nf6 2.Nf3 g6 3.g3 Bg7 4.Bg2 O-O 5.O-O d6 6.c4 Nbd7 7.Nc3 e5 8.e4 Re8 
9.Re1 c6 10.b3 Nf8 11.dxe5 dxe5 12.Bb2 Bg4 13.Qc2 Bxf3 14.Bxf3 Ne6 15.Rad1
Qc7 16.Qb1 Rad8 17.Ne2 h5 18.b4 Rxd1 19.Rxd1 Rd8 20.Rxd8+ Nxd8 21.Qd3 Qd7 
22.Nc1 Qxd3 23.Nxd3 Nd7 24.Bg2 f6 25.f4 g5 26.f5 b6 27.Kf2 Nb7 28.Bc3 Bf8 
29.h3 a5 30.a3 Kg7 31.Bf3 Kh6 32.Bd2 axb4 33.axb4 c5 34.b5 Na5 35.Nb2 Nb3 
36.Be3 Be7 37.Na4 Nd4 38.Nc3 Bd8 39.Bd1 1/2-1/2

[Event "IX C.to Italiano U20"]
[Site "Bratto - Castione della Presolana ITA"]
[Date "2001.08.23"]
[Round "2"]
[White "Berni, Giorgio"]
[Black "Genocchio, Daniele"]
[Result "1/2-1/2"]
[WhiteElo "2141"]
[BlackElo "2340"]
[PlyCount "86"]
[EventDate "2001.08.22"]

1.e4 e5 2.Nf3 d6 3.d4 Nd7 4.Bc4 Be7 5.dxe5 Nxe5 6.Nxe5 dxe5 7.Qh5 g6 8.
Qxe5 Nf6 9.Bh6 Qd6 10.Qxd6 cxd6 11.f3 Be6 12.Bxe6 fxe6 13.Nc3 Kf7 14.O-O-O
Rhd8 15.Bf4 Ne8 16.Be3 Nc7 17.f4 d5 18.exd5 Nxd5 19.Nxd5 Rxd5 20.Rxd5 exd5
21.Rd1 Ke6 22.Re1 Kd7 23.Bd4 Bd6 24.g3 a6 25.Kd2 Rc8 26.c3 b5 27.Kd3 Rf8 
28.Be5 Re8 29.Re2 Bc5 30.b4 Bb6 31.Bd4 Rxe2 32.Kxe2 Bd8 33.g4 Ke6 34.Be5 
Bb6 35.Kd3 Bd8 36.Ke2 Bb6 37.Kf3 Bd8 38.Bd4 Be7 39.Kg3 Bd6 40.h4 Bc7 41.
Kf3 Bd8 42.h5 Bc7 43.hxg6 hxg6 1/2-1/2